Most Popular Car Brands (2020) - Statistics

General Stats
  • This quiz has been taken 151 times
  • The average score is 18 of 30
Answer Stats
Sales Brand % Correct
648,275 Toyota
95%
654,729 Ford
88%
1,346,999 Volkswagen
87%
674,654 BMW
86%
80,699 Honda
86%
738,236 Mercedes
83%
600,470 Audi
81%
424,805 Hyundai
77%
290,343 Nissan
74%
73,546 Porsche
70%
492,101 Fiat
66%
741,498 Peugeot
65%
416,715 Kia
64%
819,009 Renault
64%
286,841 Volvo
62%
485,778 Opel / Vauxhall
58%
149,418 Mazda
57%
448,352 Citroen
56%
103,411 Mitsubishi
54%
112,776 Land Rover
53%
643,019 Skoda
50%
124,315 Jeep
47%
46,647 Jaguar
46%
370,928 Seat
46%
47,018 Lexus
45%
405,472 Dacia
40%
43,109 Lancia / Chrysler
40%
172,827 Mini
37%
36,526 Alfa Romeo
35%
43,028 DS
9%
No matching quizzes found
Score Distribution
Percent of People with Each Score
Percentile by Number Answered
Your Score History
You have not taken this quiz